[Event "Skopje op-B"]
[Site "Skopje"]
[Date "2023.12.10"]
[Round "6"]
[White "Hristovski, Marjan"]
[Black "Stojcheski, Goran"]
[Result "1-0"]
[WhiteElo "1659"]
[BlackElo "1349"]
[PlyCount "123"]
[EventDate "2023.12.06"]
[EventType "swiss"]
[EventRounds "9"]
[EventCountry "MKD"]
[SourceTitle "CB51_2023"]
[SourceDate "2023.12.20"]
[SourceVersion "1"]
[SourceVersionDate "2023.12.20"]
[SourceQuality "1"]

1. e4 e5 2. Nf3 Nc6 3. Bb5 d6 4. d4 exd4 5. Nxd4 Bd7 6. Nc3 g6 7. 0-0 Bg7 8. Be3 Nge7 9. Qd2 0-0 10. Rad1 a6 11. Bc4 Ne5 12. Bb3 a5 13. a3 Kh8 14. Nd5 c5 15. Ne2 c4 16. Ba2 Bb5 17. Nec3 Bc6 18. Nb6 Rb8 19. Qxd6 f5 20. Qc5 Qe8 21. Bd4 Nc8 22. Qxa5 fxe4 23. Nxc4 Nxc4 24. Bxg7+ Kxg7 25. Bxc4 b6 26. Qg5 Rf5 27. Qd8 Ne7 28. Qxe8 Rxe8 29. Be6 Rg5 30. Bd7 Bxd7 31. Rxd7 Re5 32. Re1 Kf6 33. Rxe4 Rxe4 34. Nxe4+ Ke6 35. Rb7 Ke5 36. f3 Nd5 37. Rxh7 Rc8 38. c3 Nf4 39. Re7+ Kd5 40. Rd7+ Ke5 41. g3 Nd5 42. Rg7 Rc6 43. Kf2 b5 44. Nd2 Nb6 45. Re7+ Kf6 46. Re4 Na4 47. Rb4 Rb6 48. c4 Nc5 49. Ne4+ Nxe4+ 50. fxe4 Rc6 51. cxb5 Rc2+ 52. Kf3 Rxh2 53. b6 Rh8 54. b7 Rb8 55. a4 Ke6 56. a5 Kd7 57. a6 Kc7 58. e5 g5 59. Kg4 Kc6 60. Rc4+ Kb6 61. Rc8 Ka7 62. Kxg5 1-0

[Event "Skopje op-B"]
[Site "Skopje"]
[Date "2023.12.07"]
[Round "2"]
[White "Kum, Busra"]
[Black "Hristovski, Marjan"]
[Result "0-1"]
[WhiteElo "1288"]
[BlackElo "1659"]
[PlyCount "102"]
[EventDate "2023.12.06"]
[EventType "swiss"]
[EventRounds "9"]
[EventCountry "MKD"]
[SourceTitle "CB51_2023"]
[SourceDate "2023.12.20"]
[SourceVersion "1"]
[SourceVersionDate "2023.12.20"]
[SourceQuality "1"]

1. e4 e6 2. d4 d5 3. Nd2 c5 4. c3 Nc6 5. exd5 Qxd5 6. Ndf3 Nf6 7. Bd3 cxd4 8. cxd4 Bb4+ 9. Bd2 Bxd2+ 10. Qxd2 0-0 11. Ne2 Rd8 12. Bc2 b6 13. 0-0 Bb7 14. Nc3 Qd7 15. Ne2 Na5 16. Ne5 Qd5 17. Qg5 h6 18. Qg3 Rac8 19. Bd3 Ne4 20. Qf3 Nf6 21. Qg3 Nc6 22. Rfd1 Nh5 23. Qf3 Nxe5 24. Qxd5 Rxd5 25. Be4 Ng6 26. Bxd5 Bxd5 27. Nc3 Nf6 28. f3 Bb7 29. Rd2 Nf4 30. Nb5 a6 31. Nd6 Rc7 32. Re1 Ba8 33. Kf2 Kf8 34. g3 Nh3+ 35. Ke3 Ng5 36. Rf1 Nd5+ 37. Ke2 Rd7 38. Nc4 Rc7 39. Ne5 f6 40. Nd3 Rd7 41. h4 Nf7 42. Rfd1 Nd6 43. g4 Nb5 44. Nf2 Nf4+ 45. Kf1 Bxf3 46. Rc1 Nxd4 47. Rxd4 Rxd4 48. Rc8+ Kf7 49. Rc7+ Kg8 50. Rc3 Bd5 51. a3 Bc4+ 0-1

[Event "FRM-chT2"]
[Site "Skopje"]
[Date "2023.06.03"]
[Round "4"]
[White "Hristovski, Marjan"]
[Black "Spasov, Vancho"]
[Result "1-0"]
[WhiteElo "1635"]
[BlackElo "1590"]
[PlyCount "129"]
[EventDate "2023.05.27"]
[EventType "team-tourn"]
[EventRounds "6"]
[EventCountry "MKD"]
[SourceTitle "CBM 214 Extra"]
[Source "ChessBase"]
[SourceDate "2023.07.31"]
[SourceVersion "1"]
[SourceVersionDate "2023.07.31"]
[SourceQuality "1"]

1. e4 e5 2. Nf3 Nc6 3. Bb5 Nge7 4. 0-0 g6 5. Re1 Bg7 6. c3 0-0 7. d4 d6 8. Bg5 h6 9. Be3 a6 10. Ba4 Bg4 11. d5 Nb8 12. h3 Bc8 13. Qd2 Kh7 14. c4 b6 15. Nc3 Nd7 16. b4 f5 17. exf5 gxf5 18. Bc2 Ng6 19. Qe2 Qe7 20. Bd2 e4 21. g4 Nde5 22. gxf5 exf3 23. fxg6+ Kh8 24. Qf1 Rf6 25. Rac1 Bf5 26. Bxf5 Rxf5 27. Ne4 Qe8 28. Ng3 Qxg6 29. Kh1 Rf7 30. Re4 Raf8 31. c5 bxc5 32. bxc5 dxc5 33. Rxc5 Qb6 34. Be3 Qd6 35. Bd4 Nd7 36. Bxg7+ Kxg7 37. Ra5 Ra8 38. Re6 Qb4 39. Raxa6 Rxa6 40. Rxa6 Nb6 41. Qa1+ Kg6 42. Qe5 Qb1+ 43. Kh2 Qb5 44. Qe6+ Kg7 45. Nh5+ Kg8 46. Qg6+ Kf8 47. Qxh6+ Kg8 48. Qg5+ Kh7 49. Ra7 Qc5 50. Qg3 Nxd5 51. Ra8 Qd6 52. Qxd6 cxd6 53. Rd8 Nc3 54. Rxd6 Ne4 55. Rd4 Nxf2 56. Nf4 Ra7 57. a4 Rc7 58. Kg3 Rc2 59. Kxf3 Kh6 60. Rd5 Ra2 61. a5 Kg7 62. a6 Nxh3 63. Rd7+ Kg8 64. a7 Nxf4 65. Kxf4 1-0

[Event "FRM-chT 30th"]
[Site "Struga"]
[Date "2022.10.20"]
[Round "7.4"]
[White "Lazov, Toni"]
[Black "Hristovski, Marjan"]
[Result "1-0"]
[WhiteElo "2350"]
[BlackElo "1591"]
[PlyCount "49"]
[EventDate "2022.10.14"]
[EventType "team-tourn"]
[EventRounds "7"]
[EventCountry "MKD"]
[SourceTitle "CBM 210 Extra"]
[Source "ChessBase"]
[SourceDate "2022.11.30"]
[SourceVersion "1"]
[SourceVersionDate "2022.11.30"]
[SourceQuality "1"]
[WhiteTeam "Skopje Alkaloid"]
[BlackTeam "Bitola Patako"]
[WhiteTeamCountry "MKD"]
[BlackTeamCountry "MKD"]

1. e4 c5 2. Nc3 Nc6 3. Bb5 e6 4. Bxc6 bxc6 5. d3 d5 6. Nf3 Nf6 7. 0-0 Be7 8. Re1 0-0 9. b3 Qc7 10. Ba3 Re8 11. Na4 Nd7 12. c4 d4 13. e5 Qa5 14. Qd2 Qa6 15. Re4 Rb8 16. Rg4 Bf8 17. Re1 Nb6 18. Bxc5 Nxa4 19. Bxf8 Kxf8 20. Qg5 g6 21. Qh6+ Ke7 22. Qh4+ Kf8 23. Qxh7 c5 24. Rf4 Rb7 25. Qxg6 1-0

[Event "FRM-chT 30th"]
[Site "Struga"]
[Date "2022.10.19"]
[Round "6.4"]
[White "Hristovski, Marjan"]
[Black "Organdziev, Oliver"]
[Result "0-1"]
[WhiteElo "1591"]
[BlackElo "2249"]
[PlyCount "88"]
[EventDate "2022.10.14"]
[EventType "team-tourn"]
[EventRounds "7"]
[EventCountry "MKD"]
[SourceTitle "CBM 210 Extra"]
[Source "ChessBase"]
[SourceDate "2022.11.30"]
[SourceVersion "1"]
[SourceVersionDate "2022.11.30"]
[SourceQuality "1"]
[WhiteTeam "Bitola Patako"]
[BlackTeam "Kumanovo GSHK"]
[WhiteTeamCountry "MKD"]
[BlackTeamCountry "MKD"]

1. e4 e5 2. Nf3 Nc6 3. Bb5 Nf6 4. 0-0 Nxe4 5. d4 Nd6 6. Bxc6 dxc6 7. dxe5 Nf5 8. Qxd8+ Kxd8 9. Nc3 Bd7 10. Bg5+ Kc8 11. Rad1 h6 12. Bd2 b6 13. Ne4 Be6 14. Bc3 a5 15. a3 c5 16. h3 Ne7 17. g4 Ng6 18. Ng3 Nf4 19. Kh2 h5 20. Nxh5 Nxh5 21. gxh5 Rxh5 22. Ng1 Be7 23. Kg2 Kb7 24. f4 Rah8 25. Rf3 Kc6 26. Rg3 g6 27. Rdd3 c4 28. Rd1 Rh4 29. Ne2 Bc5 30. Bd4 Bxh3+ 31. Kf2 Bg4 32. Bxc5 Kxc5 33. Rg2 Bxe2 34. Kxe2 Rxf4 35. Rg5 Kc6 36. Ke3 Rhh4 37. Rd8 Re4+ 38. Kf3 Rhf4+ 39. Kg3 Rf5 40. Rxf5 gxf5 41. Rf8 Rxe5 42. Rxf7 Rb5 43. Rf6+ Kd7 44. Rf7+ Kd8 0-1

[Event "FRM-chT 30th"]
[Site "Struga"]
[Date "2022.10.18"]
[Round "5.4"]
[White "Vladimirov, Vladimir"]
[Black "Hristovski, Marjan"]
[Result "1-0"]
[WhiteElo "2120"]
[BlackElo "1591"]
[PlyCount "87"]
[EventDate "2022.10.14"]
[EventType "team-tourn"]
[EventRounds "7"]
[EventCountry "MKD"]
[SourceTitle "CBM 210 Extra"]
[Source "ChessBase"]
[SourceDate "2022.11.30"]
[SourceVersion "1"]
[SourceVersionDate "2022.11.30"]
[SourceQuality "1"]
[WhiteTeam "Shipkovica Anpasan"]
[BlackTeam "Bitola Patako"]
[WhiteTeamCountry "MKD"]
[BlackTeamCountry "MKD"]

1. g3 e5 2. c4 Nf6 3. Bg2 d5 4. cxd5 Nxd5 5. Nc3 Nb6 6. Nf3 Nc6 7. 0-0 Be7 8. a3 0-0 9. b4 a6 10. d3 Be6 11. Bb2 Qd7 12. Ne4 f6 13. Rc1 Bh3 14. Nc5 Bxc5 15. Rxc5 Bxg2 16. Kxg2 Rfd8 17. Qc2 Qe6 18. Rc1 Rd7 19. e3 Rad8 20. d4 e4 21. Nd2 f5 22. Qb3 Qxb3 23. Nxb3 Na4 24. R5c2 Ne7 25. Bc3 Nd5 26. Bd2 c6 27. Na5 Ndb6 28. h3 g6 29. Rf1 Kf7 30. f3 Re8 31. g4 exf3+ 32. Rxf3 Ke6 33. Be1 fxg4 34. hxg4 Kd5 35. Bg3 Ree7 36. g5 Rf7 37. Bf4 Rde7 38. Kf2 Ke4 39. Rc1 Nd5 40. Rh1 Nb2 41. Kg3 Nd3 42. Nc4 Rd7 43. Nd2+ Kf5 44. e4+ 1-0

[Event "FRM-chT 30th"]
[Site "Struga"]
[Date "2022.10.16"]
[Round "3.4"]
[White "Hristovski, Marjan"]
[Black "Stamenkov, Vanco"]
[Result "1-0"]
[WhiteElo "1591"]
[BlackElo "2332"]
[PlyCount "91"]
[EventDate "2022.10.14"]
[EventType "team-tourn"]
[EventRounds "7"]
[EventCountry "MKD"]
[SourceTitle "CBM 210 Extra"]
[Source "ChessBase"]
[SourceDate "2022.11.30"]
[SourceVersion "1"]
[SourceVersionDate "2022.11.30"]
[SourceQuality "1"]
[WhiteTeam "Bitola Patako"]
[BlackTeam "Gostivar"]
[WhiteTeamCountry "MKD"]
[BlackTeamCountry "MKD"]

1. e4 c5 2. Nf3 Nc6 3. d4 cxd4 4. Nxd4 e5 5. Nb3 a5 6. a4 Nf6 7. Bg5 h6 8. Bxf6 Qxf6 9. g3 b6 10. Bg2 Ba6 11. N1d2 Nb4 12. Bf1 Bxf1 13. Kxf1 Rc8 14. c3 Nd3 15. Qe2 Nc5 16. Kg2 Qc6 17. Rhe1 Be7 18. Nxc5 Bxc5 19. Qg4 0-0 20. Nf3 Rce8 21. Nh4 d5 22. Nf5 g6 23. Nxh6+ Kh7 24. Qh3 Kg7 25. g4 Qf6 26. g5 Qxg5+ 27. Ng4 f5 28. exf5 gxf5 29. Rg1 Qxg4+ 30. Kh1 Bxf2 31. Rxg4+ fxg4 32. Qxg4+ Kf6 33. Rf1 Ke7 34. Qg2 Bc5 35. Qg7+ Ke6 36. Qg6+ Ke7 37. Re1 Kd7 38. Qd3 Kd6 39. Rd1 d4 40. Qb5 Ke6 41. Qc6+ Ke7 42. Re1 Rf5 43. Qe4 Kf6 44. Qh4+ Kf7 45. Qh7+ Kf6 46. Rg1 1-0

[Event "FRM-chT 30th"]
[Site "Struga"]
[Date "2022.10.15"]
[Round "2.4"]
[White "Sukovic, Andrej"]
[Black "Hristovski, Marjan"]
[Result "1-0"]
[WhiteElo "2248"]
[BlackElo "1591"]
[PlyCount "103"]
[EventDate "2022.10.14"]
[EventType "team-tourn"]
[EventRounds "7"]
[EventCountry "MKD"]
[SourceTitle "CBM 210 Extra"]
[Source "ChessBase"]
[SourceDate "2022.11.30"]
[SourceVersion "1"]
[SourceVersionDate "2022.11.30"]
[SourceQuality "1"]
[WhiteTeam "Kumanovo Fisher"]
[BlackTeam "Bitola Patako"]
[WhiteTeamCountry "MKD"]
[BlackTeamCountry "MKD"]

1. e4 e6 2. d4 d5 3. Nc3 Nf6 4. e5 Nfd7 5. f4 c5 6. Nf3 Nc6 7. Be3 Be7 8. a3 0-0 9. dxc5 Bxc5 10. Bxc5 Nxc5 11. b4 Nd7 12. Bd3 f6 13. b5 Ne7 14. 0-0 Qc7 15. Qe1 f5 16. Ne2 Nc5 17. Ned4 Bd7 18. Kh1 Kh8 19. a4 h6 20. a5 Ne4 21. Qb4 Qc5 22. Qxc5 Nxc5 23. Nd2 g5 24. g3 Rac8 25. N2b3 Nxd3 26. cxd3 Rc3 27. Rac1 Rfc8 28. Rxc3 Rxc3 29. Rc1 Rxc1+ 30. Nxc1 Kg7 31. Kg2 Kf7 32. h3 Ng6 33. Kf3 h5 34. b6 g4+ 35. hxg4 hxg4+ 36. Ke3 axb6 37. axb6 Ne7 38. Ncb3 Nc8 39. Nc5 Ke7 40. Nxb7 Nxb6 41. Nc5 Nc8 42. Kd2 Nb6 43. Kc3 Na4+ 44. Nxa4 Bxa4 45. Kb4 Be8 46. Ka5 Kd7 47. Kb6 Ke7 48. Kc7 Ba4 49. Nc6+ Kf7 50. Kd6 Bb5 51. Nd8+ Kg6 52. d4 1-0

[Event "Struga Lake Queen U18 op"]
[Site "Struga"]
[Date "2022.09.11"]
[Round "7"]
[White "Farmakoski, Georg"]
[Black "Hristovski, Marjan"]
[Result "1/2-1/2"]
[WhiteElo "1506"]
[BlackElo "1574"]
[PlyCount "27"]
[EventDate "2022.09.07"]
[EventType "swiss"]
[EventRounds "7"]
[EventCountry "MKD"]
[SourceTitle "EXT 2023"]
[Source "ChessBase"]
[SourceDate "2022.10.05"]
[SourceVersion "1"]
[SourceVersionDate "2022.10.05"]
[SourceQuality "1"]

1. d4 Nf6 2. Nf3 d5 3. Bf4 Bf5 4. e3 e6 5. Bd3 Bxd3 6. Qxd3 c6 7. Nbd2 Bd6 8. Bxd6 Qxd6 9. c3 Nbd7 10. 0-0 0-0 11. e4 dxe4 12. Nxe4 Nxe4 13. Qxe4 Nf6 14. Qe5 1/2-1/2

[Event "EU-ch Hybrid U18"]
[Site "Tornelo INT"]
[Date "2021.10.15"]
[Round "7"]
[White "Hristovski, Marjan"]
[Black "Sanger, Jake M"]
[Result "0-1"]
[WhiteElo "1537"]
[BlackElo "1936"]
[PlyCount "76"]
[EventDate "2021.10.15"]
[EventType "swiss"]
[EventRounds "9"]
[EventCountry "NET"]
[SourceTitle "EXT 2023"]
[Source "ChessBase"]
[SourceDate "2022.10.05"]
[SourceVersion "1"]
[SourceVersionDate "2022.10.05"]
[SourceQuality "1"]
[WhiteTeam "Macedonia"]
[BlackTeam "Schottland"]
[WhiteTeamCountry "MKD"]
[BlackTeamCountry "SCO"]

1. e4 c5 2. Nf3 Nc6 3. d4 cxd4 4. Nxd4 Nf6 5. Nc3 d6 6. Be3 Ng4 7. Bg5 Qb6 8. Bb5 Bd7 9. Bxc6 bxc6 10. h3 Qxb2 11. Bd2 Qb6 12. hxg4 Qxd4 13. Rb1 g6 14. Rh3 h5 15. Rd3 Qe5 16. f4 Qa5 17. g5 Qc7 18. Na4 Bg7 19. c4 0-0 20. Rdb3 Rab8 21. Bc3 Bxc3+ 22. Nxc3 d5 23. e5 Bg4 24. Qd4 dxc4 25. Rxb8 Rxb8 26. Rxb8+ Qxb8 27. Qxc4 Qb6 28. Kf1 Bc8 29. Na4 Qb5 30. Qxb5 cxb5 31. Nc5 Kf8 32. g3 Ke8 33. Ke2 Kd8 34. Kd3 Kc7 35. a4 Kc6 36. Kd4 b4 37. a5 Kb5 38. e6 Bxe6 0-1

[Event "EU-ch Hybrid U18"]
[Site "Tornelo INT"]
[Date "2021.10.15"]
[Round "5"]
[White "Labiano Hernandez, Juan"]
[Black "Hristovski, Marjan"]
[Result "1-0"]
[WhiteElo "2259"]
[BlackElo "1537"]
[PlyCount "67"]
[EventDate "2021.10.15"]
[EventType "swiss"]
[EventRounds "9"]
[EventCountry "NET"]
[SourceTitle "EXT 2023"]
[Source "ChessBase"]
[SourceDate "2022.10.05"]
[SourceVersion "1"]
[SourceVersionDate "2022.10.05"]
[SourceQuality "1"]
[WhiteTeam "Spain"]
[BlackTeam "Macedonia"]
[WhiteTeamCountry "ESP"]
[BlackTeamCountry "MKD"]

1. e4 c5 2. Nc3 d6 3. f4 Nc6 4. Nf3 Bg4 5. Bb5 Bxf3 6. Qxf3 a6 7. Bxc6+ bxc6 8. 0-0 e6 9. d3 d5 10. f5 dxe4 11. Qxe4 Qd7 12. Bg5 Qd4+ 13. Be3 Qd7 14. fxe6 fxe6 15. Bg5 Be7 16. Bxe7 Kxe7 17. Kh1 Nf6 18. Qe5 Qd6 19. Qg5 Rhg8 20. Rae1 Rab8 21. Ne4 Qd5 22. Qh4 Qh5 23. Qxh5 Nxh5 24. b3 Nf6 25. Nxc5 Kd6 26. Nxe6 Rbe8 27. Nd4 c5 28. Nf5+ Kc7 29. Ne3 Rgf8 30. Kg1 Rf7 31. Nd5+ Kd8 32. Rxe8+ Kxe8 33. Nxf6+ gxf6 34. Rf5 1-0

[Event "Struga Youth op-A 2nd"]
[Site "Struga"]
[Date "2021.09.10"]
[Round "4"]
[White "Hristovski, Marjan"]
[Black "Galeski, Andrej"]
[Result "1-0"]
[WhiteElo "1505"]
[BlackElo "1200"]
[PlyCount "91"]
[EventDate "2021.09.08"]
[EventType "swiss"]
[EventRounds "7"]
[EventCountry "MKD"]
[SourceTitle "CBM 204 Extra"]
[Source "ChessBase"]
[SourceDate "2021.11.30"]
[SourceVersion "1"]
[SourceVersionDate "2021.11.30"]
[SourceQuality "1"]

1. e4 e5 2. Nf3 Nc6 3. Bb5 Bc5 4. 0-0 Nd4 5. Nxd4 Bxd4 6. c3 Bb6 7. d4 f6 8. dxe5 fxe5 9. Qh5+ Kf8 10. Qxe5 d6 11. Qf4+ Nf6 12. Be3 c6 13. Bd3 Be6 14. Bxb6 axb6 15. a3 Kg8 16. Nd2 d5 17. Rad1 dxe4 18. Nxe4 Nxe4 19. Qxe4 Qf6 20. Rfe1 Bd5 21. Bc4 Bxc4 22. Qxc4+ Kf8 23. Re3 Re8 24. Rf3 Qxf3 25. gxf3 g6 26. Rd7 Re1+ 27. Kg2 Re7 28. Rxe7 Kxe7 29. Qe4+ Kf7 30. Qf4+ Ke6 31. Qc7 h5 32. Qxb7 g5 33. Qxc6+ Kf5 34. Qxb6 h4 35. Qc5+ Kg6 36. Qd6+ Kf7 37. c4 h3+ 38. Kg3 Kg7 39. c5 Rh6 40. Qxh6+ Kxh6 41. c6 g4 42. c7 gxf3 43. c8Q Kg5 44. b4 Kf6 45. b5 Ke7 46. b6 1-0

[Event "Struga Youth op-A 2nd"]
[Site "Struga"]
[Date "2021.09.09"]
[Round "2"]
[White "Hristovski, Marjan"]
[Black "Velkoski, Stojan"]
[Result "0-1"]
[WhiteElo "1505"]
[BlackElo "1825"]
[PlyCount "70"]
[EventDate "2021.09.08"]
[EventType "swiss"]
[EventRounds "7"]
[EventCountry "MKD"]
[SourceTitle "CBM 204 Extra"]
[Source "ChessBase"]
[SourceDate "2021.11.30"]
[SourceVersion "1"]
[SourceVersionDate "2021.11.30"]
[SourceQuality "1"]

1. Nf3 Nf6 2. g3 c5 3. Bg2 Nc6 4. 0-0 e5 5. d3 d5 6. e4 Be7 7. exd5 Nxd5 8. Re1 f6 9. a4 Be6 10. Nbd2 Ndb4 11. b3 0-0 12. Nc4 Qd7 13. Bd2 Rfd8 14. Bxb4 cxb4 15. Nh4 Bc5 16. Bxc6 Qxc6 17. Qf3 Bxc4 18. bxc4 Qxf3 19. Nxf3 b3 20. d4 Bb4 21. Re2 bxc2 22. d5 Rac8 23. Rxc2 Rxd5 24. cxd5 Rxc2 25. Rd1 Kf7 26. d6 Ke8 27. Nh4 g6 28. Rd5 b6 29. d7+ Kd8 30. f4 exf4 31. gxf4 Rd2 32. Rxd2 Bxd2 33. f5 gxf5 34. Nxf5 Kxd7 35. Kf2 Kc6 0-1

[Event "FRM-chT2 final"]
[Site "Ohrid"]
[Date "2021.07.06"]
[Round "2.5"]
[White "Hristovski, Marjan"]
[Black "Gjorgjevski, Janco"]
[Result "0-1"]
[WhiteElo "1470"]
[BlackElo "1904"]
[PlyCount "88"]
[EventDate "2021.07.06"]
[EventType "team-tourn"]
[EventRounds "3"]
[EventCountry "MKD"]
[SourceTitle "EXT 2022"]
[Source "ChessBase"]
[SourceDate "2021.10.06"]
[SourceVersion "1"]
[SourceVersionDate "2021.10.06"]
[SourceQuality "1"]
[WhiteTeam "Bitola Stevo Patako"]
[BlackTeam "Kumanovo Fisher"]
[WhiteTeamCountry "MKD"]
[BlackTeamCountry "MKD"]

1. e4 c5 2. Nf3 Nc6 3. d4 cxd4 4. Nxd4 Nf6 5. Nc3 d6 6. Be3 Bd7 7. Qd2 a6 8. f3 Rc8 9. g4 Ne5 10. h4 Nc4 11. Bxc4 Rxc4 12. h5 e6 13. g5 Ng8 14. 0-0-0 b5 15. f4 Ne7 16. Qd3 Qc7 17. f5 e5 18. Nb3 b4 19. Nd5 Nxd5 20. exd5 Bb5 21. Qd2 Be7 22. g6 h6 23. gxf7+ Kxf7 24. f6 Bxf6 25. Qg2 Rc8 26. Qg6+ Kf8 27. Rd2 Qf7 28. Qg2 Bd7 29. Rf2 Rg4 30. Qf3 Kg8 31. Qd1 Kh8 32. Na5 Rg3 33. Qd2 Kh7 34. Kb1 Bb5 35. Qe1 Qxd5 36. Rg1 Rxg1 37. Qxg1 Qe4 38. Rg2 Be8 39. Rh2 Qf3 40. Bc1 Bxh5 41. Qb6 Bg6 42. Qxa6 Ra8 43. Qb5 Be8 44. Qb7 Qxb7 0-1

[Event "FRM-chT2 GpB"]
[Site "Ohrid"]
[Date "2021.07.05"]
[Round "5.3"]
[White "Lusheski, Konstantin"]
[Black "Hristovski, Marjan"]
[Result "1/2-1/2"]
[WhiteElo "1502"]
[BlackElo "1470"]
[PlyCount "20"]
[EventDate "2021.07.03"]
[EventType "team-tourn"]
[EventRounds "5"]
[EventCountry "MKD"]
[SourceTitle "EXT 2022"]
[Source "ChessBase"]
[SourceDate "2021.10.06"]
[SourceVersion "1"]
[SourceVersionDate "2021.10.06"]
[SourceQuality "1"]
[WhiteTeam "Ohrid Lasker"]
[BlackTeam "Bitola Stevo Patako"]
[WhiteTeamCountry "MKD"]
[BlackTeamCountry "MKD"]

1. Nf3 d5 2. e4 Nf6 3. exd5 Nxd5 4. g3 g6 5. Bg2 Bg7 6. d4 0-0 7. 0-0 Nc6 8. c4 Nf6 9. Nc3 Bg4 10. h3 Bxf3 1/2-1/2

[Event "Struga Lake Queen op"]
[Site "Struga"]
[Date "2019.09.09"]
[Round "6"]
[White "Hristovski, Marjan"]
[Black "Baxhia, Irvin"]
[Result "1-0"]
[WhiteElo "1412"]
[BlackElo "1052"]
[PlyCount "65"]
[EventDate "2019.09.07"]
[EventType "swiss"]
[EventRounds "7"]
[EventCountry "MKD"]
[SourceTitle "EXT 2021"]
[Source "ChessBase"]
[SourceDate "2020.10.23"]
[SourceVersion "1"]
[SourceVersionDate "2020.10.23"]
[SourceQuality "1"]

1. e4 e5 2. Nf3 Nc6 3. Bb5 Nge7 4. c3 d5 5. Qc2 g6 6. Nxe5 a6 7. Bxc6+ Nxc6 8. Nxc6 bxc6 9. 0-0 Bg7 10. exd5 cxd5 11. Qa4+ Qd7 12. Re1+ Kd8 13. Qh4+ f6 14. d4 Re8 15. Be3 h5 16. Nd2 a5 17. Nb3 a4 18. Nc5 Qe7 19. Qg3 g5 20. h4 g4 21. Bd2 Qf7 22. Rxe8+ Kxe8 23. Bf4 Kd8 24. Re1 Bf8 25. Qe3 Bxc5 26. dxc5 Rb8 27. Qd2 Rb5 28. Be3 Ba6 29. c4 Rb8 30. cxd5 Qd7 31. Qd4 f5 32. c6 Qf7 33. Bg5+ 1-0

[Event "Struga Lake Queen op"]
[Site "Struga"]
[Date "2019.09.07"]
[Round "2"]
[White "Koskoski, Andrej"]
[Black "Hristovski, Marjan"]
[Result "0-1"]
[WhiteElo "1043"]
[BlackElo "1412"]
[PlyCount "112"]
[EventDate "2019.09.07"]
[EventType "swiss"]
[EventRounds "7"]
[EventCountry "MKD"]
[SourceTitle "EXT 2020"]
[Source "ChessBase"]
[SourceDate "2019.10.17"]
[SourceVersion "1"]
[SourceVersionDate "2019.10.17"]
[SourceQuality "1"]

1. d4 Nf6 2. Nf3 d5 3. c4 e6 4. Bf4 Bd6 5. Bxd6 Qxd6 6. e3 0-0 7. Bd3 dxc4 8. Bxc4 Qb4+ 9. Nfd2 Qxb2 10. 0-0 c5 11. Nb3 Ne4 12. Qd3 f5 13. N1d2 Nxd2 14. Nxd2 Qb6 15. Nb3 cxd4 16. Nxd4 Kh8 17. Rab1 Qd6 18. Nb5 Qe7 19. Qd6 Nc6 20. Qxe7 Nxe7 21. Nd6 b6 22. Nxc8 Raxc8 23. Bxe6 Rc6 24. Bb3 g6 25. Rfd1 Rfc8 26. h3 Kg7 27. Rd7 R8c7 28. Rxc7 Rxc7 29. Rd1 Nc6 30. Rc1 Rc8 31. Ba4 Ne7 32. Rxc8 Nxc8 33. Kf1 Kf6 34. Ke2 Nd6 35. f3 Ke5 36. Kd3 b5 37. Bb3 Nb7 38. f4+ Kd6 39. Bg8 Nc5+ 40. Kd4 Ne6+ 41. Bxe6 Kxe6 42. a3 Kd6 43. g3 a5 44. g4 h6 45. gxf5 gxf5 46. e4 fxe4 47. Kxe4 b4 48. axb4 axb4 49. Kd3 Ke6 50. Kc4 Kf5 51. Kxb4 Kxf4 52. Kc3 Kg3 53. h4 Kxh4 54. Kd2 Kg3 55. Ke1 Kg2 56. Ke2 h5 0-1